| 000 | 01299cam a22003614a 4500 | ||
|---|---|---|---|
| 001 | 2011 | ||
| 003 | FISKH | ||
| 005 | 20260226140357.0 | ||
| 008 | 010418s2002 nyua b 000 0 eng | ||
| 010 | _a 2001028912 | ||
| 020 | _a0516222678 (lib. bdg.) | ||
| 020 | _a9780516273754 | ||
| 040 |
_aDLC _cDLC _dDLC _beng |
||
| 042 |
_apcc _alcac |
||
| 050 | 0 | 0 |
_aGT4905 _b.M36 2001 |
| 082 | 0 | 0 |
_a394.261 _221 |
| 100 | 1 | _aMarx, David F. | |
| 245 | 1 | 0 |
_aChinese New Year / _cby David F. Marx ; consultants, Nanci R. Vargus, Katharine A. Kane. |
| 260 |
_aNew York : _bChildren's Press, _c2002. |
||
| 300 |
_a31 pages : _bcolor illustrations ; _c18 cm |
||
| 440 | 0 | _aRookie read-about holidays | |
| 505 | _aE | ||
| 520 | _aSummary: A simple introduction to the traditions and festivities of Chinese New Year. | ||
| 521 | 8 |
_a280
_bLexile |
|
| 521 | 8 |
_aE
_bRaz-Plus |
|
| 650 | 0 |
_aChinese New Year _vJuvenile literature. |
|
| 650 | 1 | _aChinese New Year. | |
| 650 | 1 | _aHolidays. | |
| 651 | 0 |
_aChina _xSocial life and customs _vJuvenile literature. |
|
| 906 |
_a7 _bcbc _corignew _d1 _eocip _f20 _gy-gencatlg |
||
| 942 |
_2ddc _cBK _n0 |
||
| 999 |
_c2011 _d2011 |
||